000 00495nam a2200145Ia 4500
008 150610s9999 xx 000 0 und d
020 _a9710869108 
050 _aPN 4121
_b.F634 2008 
100 _aFlores, Carmelita S.
245 _aEffective speech communication /
_cCarmelita S. Flores, Evelyn B. Lopez.
250 _a5th ed.
260 _aMandaluyong City :
_bNational Book Store,
_c2008.
300 _a470pages :
_billustrations ;
_c26 cm.
504 _aIncludes bibliographical references.
999 _c288213
_d288213